000 00419pab a2200169 454500
008 180718b2008 xxu||||| |||| 00| 0 eng d
100 _aBernhard, William
245 _aCabinet collapses and currency crashes
260 _c2008
300 _ap.517-31.
362 _aSep
650 _aPolitics and government
700 _aLeblang, David
773 _aPolitical Research Quarterly
908 _aN
909 _a79964
999 _c79964
_d79964